| 000 | 02456nam a22003737a 4500 | ||
|---|---|---|---|
| 001 | 103093 | ||
| 003 | KnowledgeUnlatched | ||
| 005 | 20210303105109.0 | ||
| 006 | m o d | ||
| 007 | cr u|||||||||| | ||
| 008 | 210129p20182019xx o u00| u ger d | ||
| 037 | _5BiblioBoard | ||
| 245 | 0 | 0 |
_aBody Modification _cAda Borkenhagen, Elmar Brähler, Aglaja Stirn. |
| 020 | _a9783954661060 | ||
| 029 | 1 | _ahttps://library.biblioboard.com/ext/api/media/785f50e2-b3b2-4435-bd9c-866cb76da974/assets/thumbnail.jpg | |
| 040 |
_aScCtBLL _cScCtBLL |
||
| 506 | 0 |
_aAccess copy available to the general public. _fUnrestricted _2star |
|
| 700 | 1 |
_aBorkenhagen, Ada _eeditor. |
|
| 700 | 1 |
_aBrähler, Elmar _eauthor. |
|
| 700 | 1 |
_aStirn, Aglaja _eauthor. |
|
| 264 | 1 | _bMWV Medizinisch Wissenschaftliche Verlagsgesellschaft, | |
| 300 | _a1 online resource (318 p.) | ||
| 520 | _a"Die klassischen Formen der Körpermodifikationen, wie Piercings, Tattoos oder Bodybuilding, sind inzwischen allgegenwärtig. Mittlerweile werden medizinisch-ästhetische Eingriffe von (minimalinvasiven) schönheitschirurgischen oder gewichtsreduzierenden Maßnahmen bis hin zu Penisverlängerungen oder Amputationen immer populärer. Dieses Werk setzt sich erstmals aus dem Blickwinkel der Psychologie und Medizin mit dem teils schwer nachvollziehbaren Phänomen der Körpermodifikationen auseinander. Das Buch nähert sich - wissenschaftlich fundiert - den gängigen Formen und Ausprägungen, den Risiken und Nebenwirkungen, den psychischen und medizinischen Aspekten, der rechtlichen Situation sowie dem kulturgeschichtlichen Hintergrund der äußerst heterogenen Köpermodifikationen. Mit einem durchgehend praxisorientierten Ansatz bietet das Werk konkrete Informationen für alle Ärzte und Therapeuten bei der Beratung und Behandlung ihrer Klienten bzw. Patienten." | ||
| 588 | 0 | _aDescription based on print version record. | |
| 590 | _aKU Open Services | ||
| 650 | 7 |
_aMedical / Mental Health _2bisacsh |
|
| 650 | 0 | _aMedicine | |
| 655 | 0 | _aElectronic books. | |
| 758 |
_iIs found in: _aKnowledge Unlatched _1https://openresearchlibrary.org/module/2774bc74-146a-484f-a7ba-ab1d6a09bbfb |
||
| 856 | 4 | 0 |
_uhttps://openresearchlibrary.org/content/785f50e2-b3b2-4435-bd9c-866cb76da974 _zView this content on Open Research Library. _70 |
| 999 |
_c33583 _d33583 |
||